Concepts and subject headings: their relation of information retrieval in librar (Record no. 269)

MARC details
000 -LEADER
fixed length control field 00538nam a2200181Ia 4500
020 ## - INTERNATIONAL STANDARD BOOK NUMBER
ISBN 0-8108-0491-3
082 ## - DEWEY DECIMAL CLASSIFICATION NUMBER
Classification number 025.493 CHR-;
100 ## - MAIN ENTRY--AUTHOR NAME
Personal name Christ, John M.
245 #0 - TITLE STATEMENT
Title Concepts and subject headings: their relation of information retrieval in librar
260 ## - PUBLICATION, DISTRIBUTION, ETC. (IMPRINT)
Place of publication New Jersey
Name of publisher Scarecrow Press
Year of publication 1972
300 ## - PHYSICAL DESCRIPTION
Number of Pages xiv, 174p.
504 ## - BIBLIOGRAPHY, ETC. NOTE
Bibliography, etc Includes bibliography
650 ## - SUBJECT ADDED ENTRY--TOPICAL TERM
Topical Term Library science
650 ## - SUBJECT ADDED ENTRY--TOPICAL TERM
Topical Term Social sciences
650 ## - SUBJECT ADDED ENTRY--TOPICAL TERM
Topical Term Subject headings - Study and teaching
650 ## - SUBJECT ADDED ENTRY--TOPICAL TERM
Topical Term Social sciences - Terminology
942 ## - ADDED ENTRY ELEMENTS (KOHA)
Koha item type Books
Holdings
Withdrawn status Lost status Damaged status Not for loan Home library Current library Date acquired Full call number Accession Number Price effective from Koha item type
        NASSDOC Library NASSDOC Library 08/06/2004 025.493 CHR-; 7934 18/04/2019 Books